| 000 | 00357nam a2200145Ia 4500 | ||
|---|---|---|---|
| 008 | 240624s9999 xx 000 0 und d | ||
| 041 | _aeng | ||
| 082 | _a153.6 HAR | ||
| 100 | _aHARGIE OWEN | ||
| 245 | _aHANDBOOK OF COMMUNICATION SKILLS | ||
| 250 | _a(4th ed.) | ||
| 260 |
_c2019 _aLondon _bRoutledge |
||
| 300 | _axi, 628 p.; 23 cm. | ||
| 365 |
_cBPS _b31 |
||
| 999 |
_c32007 _d32007 |
||